Ταυτότητα και ετερότητα στον τουρκικό πολιτισμό

Αποθηκεύτηκε σε:
Λεπτομέρειες βιβλιογραφικής εγγραφής
Κύριος συγγραφέας: Χιδίρογλου, Παύλος
Μορφή: Βιβλίο
Γλώσσα:Greek
Δημοσίευση: Αθήνα : Γρηγόρη, 2002
Θέματα:
Ετικέτες: Προσθήκη ετικέτας
Δεν υπάρχουν, Καταχωρήστε ετικέτα πρώτοι!

MARC

LEADER 00000cam a2200000 i 4500
001 1/86146
008 050922s2002 gre d
020 |a 960-333-312-3 
035 |l 10080472 
040 |a GR-MY-UA  |b gre  |e aacr 
041 0 |a gre 
082 0 |a 949.61  |2 (22) 
100 1 |a Χιδίρογλου, Παύλος. 
245 1 0 |a Ταυτότητα και ετερότητα στον τουρκικό πολιτισμό /  |c Παύλος Χιδίρογλου 
260 |a Αθήνα :   |b Γρηγόρη,   |c 2002 
300 |a 230 σ.;  |b 24εκ.;  |c έγχρ. εικ.+  |e 1 έγχρ. χάρτ. 
504 |a Περιέχει βιβλιογραφία και ευρετήριο 
651 0 |a Turkey  |x Civilization. 
651 0 |a Turkey  |x Relations  |z Greece. 
651 0 |a Greece  |x Relations  |z Turkey. 
852 |a INST  |b LESVOS  |e 20050922  |h 949.61 ΧΙΔ  |p 005100032681  |q 005100032681  |t BK  |y 0 
852 |a INST  |b LESVOS  |e 20050922  |h 949.61 ΧΙΔ   |p 005100032682  |q 005100032682  |t BK  |y 0 
901 |a BIBL1-2005-3 
909 |a Λ  |b 116237 
920 |a ΔΙΕΥΡΥΝΣΗ  |b ΕΠΕΑΕΚ-ΤΚ  |y ΛΕΣΒΟΣ  |z 2004-10 
970 |a ΚΑΡΑ  |b ΓΙΑΣΕΜΗ  |z 2005/09/22